000 00729nam a2200241 a 4500
001 BRCA_3960
005 20190320204506.0
008 140110s1918----gw-a######---#000-0#ger-#
041 _ager
044 _agw
050 4 _aNC251.D8
_b.A43 1918
245 1 0 _aAlbrecht Dürer Handzeichnungen
_cherausgegeben von Heinrich Wölfflin.
260 _aMünchen, Alemania
_bR. Piper & Co.
_c1918
300 _a40 p.
_bil. (algunas a color), 78 láminas
_c28 cm.
500 _aCDE25
504 _aBibliografía: p. 27-40
600 1 4 _aDurero, Alberto
_d1471-1528
_910301
650 1 4 _aGrabadores alemanes
_97216
650 1 4 _aPintores alemanes
_9797
700 1 _aWölfflin, Heinrich
_eEditor
_910302
902 _aGFM
942 _2lcc
_cB
999 _c3687
_d3687